000 00689nam a2200193 i 4500
001 170748
003 ES-MaACL
005 20250808062740.0
008 090402s1951 sp |||| | spa d
245 0 0 _aActas de los Mártires
_b: texto bilingüe /
_cintroducciones, notas y versión española por Daniel Ruiz Bueno.
260 _aMadrid :
_bLa Editorial Católica,
_c1951.
300 _aVII, 1185 p. ;
_c20 cm.
490 1 _aBiblioteca de autores cristianos ;
_v75
546 _aTexto en griego, latín y español.
700 0 _aRuiz Bueno, Daniel.
_9100677
830 0 0 _aBiblioteca de autores cristianos
_v75
_9178679
852 _aES-MaACL
_jJ-73
_9R.46092
999 _c170748
_d170748